Fenomén Corporate IQ – teoretické vymedzenie a možnosti hodnotenia jeho efektívnosti v praxi
Identifikácia fenoménu CIQ ako jedného z najnovších prístupov k efektívnemu strategickému mysleniu a riadeniu podnikateľských subjektov vedúcemu k zvyšovaniu ich výkonnosti pri rastúcom uspokojovaní nárokov a potrieb ako vonkajšej verejnosti (zákazníkov – spotrebiteľov, dodávateľov – odberateľov a o...
Guardado en:
| Autor principal: | |
|---|---|
| Otros Autores: | |
| Formato: | Capítulo de libro |
| Lenguaje: | eslovaco |
| Materias: | |
| Etiquetas: |
Sin Etiquetas, Sea el primero en etiquetar este registro!
|
MARC
| LEADER | 00000naa a2200000 4500 | ||
|---|---|---|---|
| 001 | 0205749 | ||
| 005 | 20240603071815.7 | ||
| 041 | 0 | |a slo | |
| 044 | |a SK | ||
| 245 | 1 | 0 | |a Fenomén Corporate IQ – teoretické vymedzenie a možnosti hodnotenia jeho efektívnosti v praxi |c Otília Zorkóciová, Lucia Vanková |
| 520 | |a Identifikácia fenoménu CIQ ako jedného z najnovších prístupov k efektívnemu strategickému mysleniu a riadeniu podnikateľských subjektov vedúcemu k zvyšovaniu ich výkonnosti pri rastúcom uspokojovaní nárokov a potrieb ako vonkajšej verejnosti (zákazníkov – spotrebiteľov, dodávateľov – odberateľov a ostatných, s nimi spolupracujúcich subjektov), tak aj vnútornej verejnosti (najmä samotných zamestnancov). Implementácia princípov budovania CIQ ako základných zručností a kompetencií úspešných a konkurencieschopných podnikateľských subjektov deklaruje najnovšie vývojové tendencie rozvoja inteligentného podnikania. Pochopenie a uplatnenie zásad inteligentného podnikania predstavuje nenahraditeľnú súčasť uplatňovania podnikateľskej stratégie na všetkých úrovniach manažmentu, ktorá umožňuje reagovať na nové výzvy v podnikovom procese inovácií. | ||
| 610 | 2 | 0 | |a business intelligence |
| 610 | 2 | 0 | |a správa podniku |
| 610 | 2 | 0 | |a správa spoločnosti |
| 610 | 2 | 0 | |a organizácie vedomostné |
| 100 | 1 | |a Zorkóciová, Otília, 1954- | |
| 700 | 1 | |a Vanková, Lucia | |